000
00344nam a2200145Ia 4500
003
OSt
005
20240115144804.0
008
170523s9999 xx 000 0 und d
020
_a
8120320999
040
_c
iimt university meerut
100
_a
LAUDON
245
0
_a
MANAGEMENT INFORMATION SYSTEM
260
_b
TATA MC GRAW HILL
942
_2
ddc
_c
02
999
_c
1753
_d
1753